Country Flag By A Corner - Statistics

General Stats
  • This quiz has been taken 37 times
  • The average score is 15 of 16
Answer Stats
Picture Answer % Correct
Brazil
100%
South Korea
100%
United States
100%
India
97%
United Kingdom
97%
Australia
94%
Germany
94%
Finland
91%
Saudi Arabia
91%
Iran
88%
North Korea
88%
Portugal
88%
South Africa
88%
Chile
85%
Cuba
85%
Pakistan
85%
No matching quizzes found
Score Distribution
Percent of People with Each Score
Percentile by Number Answered
Your Score History
You have not taken this quiz